Об условиях термодинамического равновесия многокомпонентных систем

Bibliografische gegevens
Hoofdauteur: Сторонкин А.
Taal:Russisch
Gepubliceerd in: Ленинград, Изд-во Ленинградского ун-та, 1948
Onderwerpen:
Formaat: Boek
KOHA link:https://koha.lib.tpu.ru/cgi-bin/koha/opac-detail.pl?biblionumber=104244

MARC

LEADER 00000nam0a2200000 4500
001 104244
005 20231031113911.0
035 |a (RuTPU)RU\TPU\book\112361 
090 |a 104244 
100 |a 20061030d1948 m y0rusy50 ca 
101 0 |a rus 
102 |a RU 
105 |a a z 001zy 
200 1 |a Об условиях термодинамического равновесия многокомпонентных систем  |f А. Сторонкин 
210 |a Ленинград  |c Изд-во Ленинградского ун-та  |d 1948 
215 |a 122 с.  |c ил. 
320 |a Библиогр.: с. 120. 
610 1 |a термодинамическое равновесие 
610 1 |a многокомпонентные системы 
610 1 |a экстремумы 
610 1 |a двухфазные системы 
610 1 |a свойства 
675 |a 16/VIII  |v 3 
700 1 |a Сторонкин  |b А. 
801 1 |a RU  |b 63413507  |c 20061030  |g PSBO 
801 2 |a RU  |b 63413507  |c 20221123  |g PSBO 
942 |c BK